000 00443nam a2200121 a 4500
008 120416s1972 xx |||||||||||||| || u
050 _aTD 883 Air
100 _aStrauss, Werner
245 1 0 _aAir pollution control, part II
_cedited by Werner Strauss
260 _c1972
350 _a0.00
995 _D0.00
_FCBU-MAIN LIBRARY (Kitwe)
_H1
_I7.60
_M1
_UAVAILABLE
_ZMain Library Open Access Collection
999 _c34032
_d34032